Rainfall - roundoff analysis of a compacted area (Record no. 15183)
[ view plain ]
| 000 -LEADER | |
|---|---|
| fixed length control field | 00635nam a22001937a 4500 |
| 003 - CONTROL NUMBER IDENTIFIER | |
| control field | OSt |
| 088 ## - REPORT NUMBER | |
| Report number | P 163 |
| 100 ## - MAIN ENTRY--AUTHOR NAME | |
| Personal name | RAJI P |
| 100 ## - MAIN ENTRY--AUTHOR NAME | |
| Personal name | UMA |
| 245 ## - TITLE STATEMENT | |
| Title | Rainfall - roundoff analysis of a compacted area |
| 260 ## - PUBLICATION, DISTRIBUTION, ETC. (IMPRINT) | |
| Place of publication | Tavanur 2006 |
| Name of publisher | Kelappaji College of Agricultural Engineering and Technology |
| 300 ## - PHYSICAL DESCRIPTION | |
| Number of Pages | 76 |
| 500 ## - GENERAL NOTE | |
| General note | Rainfall - roundoff analysis of a compacted area |
| 520 ## - SUMMARY, ETC. | |
| Summary, etc | Rainfall - roundoff analysis of a compacted area |
| 700 ## - ADDED ENTRY--PERSONAL NAME | |
| Personal name | Er. Shyla Joseph (Guide) |
| 856 ## - ELECTRONIC LOCATION AND ACCESS | |
| Uniform Resource Identifier | https://drive.google.com/open?id=1QuL2_90b_xjof8YoXi6MYTD4eL5S_rvT |
| 942 ## - ADDED ENTRY ELEMENTS (KOHA) | |
| Koha item type | Project Report |
| Collection code | Home library | Current library | Shelving location | Full call number | Accession Number | Koha item type |
|---|---|---|---|---|---|---|
| Reference | KAUAET | KAUAET | Reference | 631.75807 RAJ/RA | P 163 | Project Report |
